Online
Catalog

Técnicas de publicidad / (Record no. 35036)

MARC details
000 -CABECERA
campo de control de longitud fija 00481nam a2200169 a 4500
001 - NÚMERO DE CONTROL
campo de control 000035545
005 - FECHA Y HORA DE LA ÚLTIMA TRANSACCIÓN
campo de control 20200930074424.0
008 - DATOS DE LONGITUD FIJA--INFORMACIÓN GENERAL
campo de control de longitud fija 111103s1990 sp a 000 0 spa d
020 ## - NÚMERO INTERNACIONAL ESTÁNDAR DEL LIBRO
Número Internacional Estándar del Libro 8423408744
040 ## - FUENTE DE LA CATALOGACIÓN
Centro catalogador/agencia de origen DO-SdBNP
Lengua de catalogación spa
Centro/agencia transcriptor BNPHU
082 ## - NÚMERO DE LA CLASIFICACIÓN DECIMAL DEWEY
Número de clasificación xxx
Número de documento/Ítem H318t
100 1# - ENTRADA PRINCIPAL--NOMBRE DE PERSONA
Nombre de persona Harrison, Tony
9 (RLIN) 61438
245 10 - MENCIÓN DE TÍTULO
Título Técnicas de publicidad /
Mención de responsabilidad, etc. Tony Harrison.
260 ## - PUBLICACIÓN, DISTRIBUCIÓN, ETC.
Lugar de publicación, distribución, etc. Madrid :
Nombre del editor, distribuidor, etc. Ediciones Deusto,
Fecha de publicación, distribución, etc. 1990.
300 ## - DESCRIPCIÓN FÍSICA
Extensión 242 p. :
Otras características físicas il. ;
Dimensiones 25 cm.
500 ## - NOTA GENERAL
Nota general Incluye índice alfabético
Holdings
Estado de retiro Estado de pérdida Restricciones de uso No para préstamo Código de colección Localización permanente Ubicación/localización actual Ubicación en estantería Fecha de adquisición Número de inventario Total de préstamos Signatura topográfica completa Código de barras Fecha visto por última vez Precio válido a partir de Tipo de ítem Koha
        Monografías: Libros y Folletos General General Orden iniciada 03.11.2011 LF1   xxx H318t 35545-10 25.06.2020 25.06.2020 No se presta

Powered by Koha